书目信息 |
| 题名: |
电子产品生产工艺与管理项目教程
|
|
| 作者: | 叶莎 , 冯常奇 主编 | |
| 分册: | ||
| 出版信息: | 北京 电子工业出版社 2015.7 |
|
| 页数: | 288页 | |
| 开本: | 26cm | |
| 丛书名: | 高等职业教育精品工程规划教材 | |
| 单 册: | ||
| 中图分类: | TN05 | |
| 科图分类: | ||
| 主题词: | 电子产品--生产工艺--高等学校 , 电子产品--生产管理--高等学校--教材 | |
| 电子资源: | ||
| ISBN: | 978-7-121-25470-3 | |
| 000 | 01366nam2 2200313 450 | |
| 001 | 0400001876 | |
| 005 | 20171025165327.76 | |
| 010 | @a978-7-121-25470-3@dCNY39.80 | |
| 100 | @a20150920e20172015em y0chiy50 ea | |
| 101 | 0 | @achi |
| 102 | @aCN@b110000 | |
| 105 | @aak az 000yy | |
| 106 | @ar | |
| 200 | 1 | @a电子产品生产工艺与管理项目教程@9dian zi chan pin sheng chan gong yi yu guan li xiang mu jiao cheng@f叶莎,冯常奇主编 |
| 205 | @a第2版 | |
| 210 | @a北京@c电子工业出版社@d2015.7@h2017.1 | |
| 215 | @a288页@c图@d26cm | |
| 225 | 2 | @a高等职业教育精品工程规划教材@9gao deng zhi ye jiao yu jing pin gong cheng gui hua jiao cai@i电子类 |
| 320 | @a有书目(第288页) | |
| 330 | @a本书是根据高等职业教育的发展需要,为培养面向生产、管理一线的高级应用型人才编写的。本书介绍的基础理论知识以够用为度,注重实践能力、创新能力的培养,着重阐述了电子产品的生产工艺和生产管理两方面的知识。主要内容有:常用电子元器件的识别、检测与选用;电子产品生产工艺文件的识读和编制;线路板的装配与焊接;小型电子产品的装配;电子产品生产现场管理。 | |
| 461 | 0 | @12001 @a高等职业教育精品工程规划教材 |
| 462 | 0 | @12001 @a电子类 |
| 606 | 0 | @a电子产品@x生产工艺@x高等学校 |
| 606 | 0 | @a电子产品@x生产管理@x高等学校@j教材 |
| 690 | @aTN05@v5 | |
| 701 | 0 | @a叶莎@9ye sha@4主编 |
| 701 | 0 | @a冯常奇@9feng chang qi@4主编 |
| 801 | 0 | @aCN@b91MARC@c20171019 |
| 905 | @b1030901-5@dTN05@f5@e138=2 | |
| 电子产品生产工艺与管理项目教程/叶莎,冯常奇主编.-第2版.-北京:电子工业出版社,2015.7(2017.1) |
| 288页:图;26cm.-(高等职业教育精品工程规划教材.电子类) |
| ISBN 978-7-121-25470-3:CNY39.80 |
| 本书是根据高等职业教育的发展需要,为培养面向生产、管理一线的高级应用型人才编写的。本书介绍的基础理论知识以够用为度,注重实践能力、创新能力的培养,着重阐述了电子产品的生产工艺和生产管理两方面的知识。主要内容有:常用电子元器件的识别、检测与选用;电子产品生产工艺文件的识读和编制;线路板的装配与焊接;小型电子产品的装配;电子产品生产现场管理。 |
| ● |
| 相关链接 |
|
|
|
|
正题名:电子产品生产工艺与管理项目教程
索取号:TN05/138=2
 
预约/预借
| 序号 | 登录号 | 条形码 | 馆藏地/架位号 | 状态 | 备注 |
| 1 | 1030901 | 210309012 | 第二样本阅览室/ [索取号:TN05/138=2] | 在馆 | |
| 2 | 1030902 | 210309021 | 第三借阅区/ [索取号:TN05/138=2] | 在馆 | |
| 3 | 1030903 | 210309030 | 第三借阅区/ [索取号:TN05/138=2] | 在馆 | |
| 4 | 1030904 | 210309049 | 第三借阅区/ [索取号:TN05/138=2] | 在馆 | |
| 5 | 1030905 | 210309058 | 密集书库-物理学院/ [索取号:TN05/138=2] | 在馆 |